000
00298nam a22001457a 4500
008
230516b ||||| |||| 00| 0 eng d
020
_a
0395827590
041
_a
eng
080
_a
94
082
_a
94NAS
100
_a
28
101
_a
HISTORI
245
_a
THE CHIEF
_c
NASAW.D
942
_2
udc
_c
BK
999
_c
59742
_d
59742